<?xml version="1.0" encoding="UTF-8"?>
<record
    xmlns:xsi="http://www.w3.org/2001/XMLSchema-instance"
    xsi:schemaLocation="http://www.loc.gov/MARC21/slim http://www.loc.gov/standards/marcxml/schema/MARC21slim.xsd"
    xmlns="http://www.loc.gov/MARC21/slim">

  <leader>00570nam a22001577a 4500</leader>
  <controlfield tag="003">OSt</controlfield>
  <controlfield tag="005">20240410112534.0</controlfield>
  <controlfield tag="008">240410b        |||||||| |||| 00| 0 eng d</controlfield>
  <datafield tag="040" ind1=" " ind2=" ">
    <subfield code="c">Central Library MRSPTU</subfield>
  </datafield>
  <datafield tag="100" ind1=" " ind2=" ">
    <subfield code="a">Dr. Harshindar Kaur (&#xA21;&#xA3E;. &#xA39;&#xA30;&#xA38;&#xA3C;&#xA3F;&#xA70;&#xA26;&#xA30; &#xA15;&#xA4C;&#xA30;)</subfield>
  </datafield>
  <datafield tag="245" ind1=" " ind2=" ">
    <subfield code="a">Bacchian Dian Manoviganik Samassiawan Te Ilaj (&#xA2C;&#xA71;&#xA1A;&#xA3F;&#xA06;&#xA02; &#xA26;&#xA40;&#xA06;&#xA02; &#xA2E;&#xA28;&#xA4B;&#xA35;&#xA3F;&#xA17;&#xA3F;&#xA06;&#xA28;&#xA3F;&#xA15; &#xA38;&#xA2E;&#xA71;&#xA38;&#xA3F;&#xA06;&#xA35;&#xA3E;&#xA02; &#xA24;&#xA47; &#xA07;&#xA32;&#xA3E;&#xA1C;)</subfield>
  </datafield>
  <datafield tag="250" ind1=" " ind2=" ">
    <subfield code="a">1st</subfield>
  </datafield>
  <datafield tag="260" ind1=" " ind2=" ">
    <subfield code="a">Barnala</subfield>
    <subfield code="b">Tarkbharti Parkashan</subfield>
    <subfield code="c">2006</subfield>
  </datafield>
  <datafield tag="300" ind1=" " ind2=" ">
    <subfield code="a">191</subfield>
  </datafield>
  <datafield tag="942" ind1=" " ind2=" ">
    <subfield code="2">ddc</subfield>
    <subfield code="c">BK</subfield>
    <subfield code="n">0</subfield>
  </datafield>
  <datafield tag="952" ind1=" " ind2=" ">
    <subfield code="0">0</subfield>
    <subfield code="1">0</subfield>
    <subfield code="2">ddc</subfield>
    <subfield code="4">0</subfield>
    <subfield code="7">0</subfield>
    <subfield code="8">BK</subfield>
    <subfield code="a">MCL</subfield>
    <subfield code="b">MCL</subfield>
    <subfield code="d">2024-04-10</subfield>
    <subfield code="l">0</subfield>
    <subfield code="p">G-182</subfield>
    <subfield code="r">2024-04-10 11:25:51</subfield>
    <subfield code="w">2024-04-10</subfield>
    <subfield code="y">BK</subfield>
  </datafield>
  <datafield tag="999" ind1=" " ind2=" ">
    <subfield code="c">10014</subfield>
    <subfield code="d">10014</subfield>
  </datafield>
</record>
